Dar-E-Taabaeen Ki Namwar Khawateen (Record no. 10893)

MARC details
000 -LEADER
fixed length control field 00588nam a2200241 a 4500
020 ## - INTERNATIONAL STANDARD BOOK NUMBER
ISBN
082 00 - DEWEY DECIMAL CLASSIFICATION NUMBER
Classification number 305.480297
Author Cutter JUM
100 ## - MAIN ENTRY--AUTHOR NAME
Author name Juma, Ahmad Khaleel
245 ## - TITLE STATEMENT
Title Dar-E-Taabaeen Ki Namwar Khawateen
260 ## - PUBLICATION, DISTRIBUTION, ETC. (IMPRINT)
Place of publication Karachi
Name of publisher Darul Ishaat
Year of publication 1999
300 ## - PHYSICAL DESCRIPTION
Number of Pages 383p
500 ## - GENERAL NOTE
General note includes index and biblioraphy
505 2# - FORMATTED CONTENTS NOTE
Formatted contents note Notes
650 ## - SUBJECT ADDED ENTRY--TOPICAL TERM
Topical Term Philosophy-Islamic
650 ## - SUBJECT ADDED ENTRY--TOPICAL TERM
Topical Term Women in Islam
942 ## - ADDED ENTRY ELEMENTS (KOHA)
Koha item type Books
Holdings
Collection code Home library Current library Date acquired Cost, normal purchase price Full call number Accession Number Koha item type
  Henry Martyn Institute Library Henry Martyn Institute Library 03/26/2007 200.00 305.480297 JUM 019485 Books
                   Copyright © 2026 | Henry Martyn Institute | Hyderabad | TS-500052 | INDIA | Implemented by hmi.edu.in
Hit-Count:

Powered by Koha